| 000 | 00658cam a2200193 a 4500 | ||
|---|---|---|---|
| 005 | 20250930074653.0 | ||
| 020 |
_a9780073403991 _cTZS 10,000/= |
||
| 040 |
_aMCCL _beng. _eAACR 2nd rev. ed. |
||
| 082 | 0 | 0 | _a174.4 MIN |
| 100 | 1 | _aMintz, Steven M. | |
| 245 | 1 | 0 |
_aEthical obligations and decision making in accounting : _btext and cases / _cSteven M. Mintz, Roselyn E. Morris. |
| 260 |
_aBoston : _bMcGraw-Hill/Irwin, _cc2008. |
||
| 300 |
_axiii, 287 p. : _bill. ; _c26 cm. |
||
| 504 | _aIncludes bibliographical references and indexes. | ||
| 546 | _aeng. | ||
| 650 | 0 |
_aAccountants _zUnited States _vCase studies. |
|
| 700 | 1 | _aMorris, Roselyn E. | |
| 942 | _cBK | ||
| 999 |
_c11385 _d11385 |
||